000 00800nam a2200169 a 4500
001 000041150
005 20201002034647.0
008 130920s1996 sp ac 000 0 spa d
040 _aDO-SdBNP
_bspa
_cBNPHU
100 1 _aNünnerich-Asmus, Annete
_967692
245 1 3 _aEl arco cuadrifronte de cáparra (cáceres) :
_b:un estudio sobre la arquitectura flavia en la Península Ibérica : (con resúmenes en alemán) /
_cAnnete Nünnerich-Asmus.
260 _aMadrid :
_bConsejo Superior de Investigación Científicas
_bCentro de Estudios Históricos,
_c1996.
300 _a116 p. :
_bil. ;
_c28 cm.
490 1 _aAnejos de Archivo español de arqueologia
_v16
500 _aIncluye referencias bibliográficas y notas al pie de las páginas
830 0 _aAnejos de Archivo español de arqueologia
_v16
_967693
999 _c40640
_d40640